• 首页
  • 本馆介绍
  • 公告通知
  • 最新文献
  • 馆藏检索
  • 电子资源
  • 读者导购
  • 参考咨询
  • 我的图书馆
  • 登录
  • 详细信息显示
  • 放入我的书架
  • 预约/预借图书
  • 作者相关作品
  • 分类相关作品
  • 丛书相关作品
  • 出版社相关作品

书目信息

  • 表格格式
  • 工作单格式
  • 卡片格式
题名:
世界海陆演化
    
 
作者: 胡焕庸 , 陈业裕 编著
分册:  
出版信息: 北京   商务印书馆  1981
页数: 146页
开本: 21cm
丛书名:
单 册:
中图分类: P311
科图分类:
主题词: 地球演化 , 岩石--物理学 , 固体地球物理学
电子资源:
ISBN:
000 00719nam0 2200277 45
001 0181004644
005 20040701101134.1
010    @dCNY0.63
091    @a12017.261
100    @a19950605d1981 emky0chiy0121 ea
101 0  @achi
102    @aCN@b110000
105    @ay z 000yy
106    @ar
200 10 @a世界海陆演化@Ashi jie hai lu yan hua@f胡焕庸,陈业裕编著
210    @a北京@c商务印书馆@d1981
215    @a146页@d21cm
606    @a地球演化
606 0  @a岩石@x物理学
606 0  @a固体地球物理学
690    @aP311@v3
701  0 @a胡焕庸@Ahu huan yong@4编著
701  0 @a陈业裕@Achen ye yu@4编著
801  0 @aCN@b上海图书馆@c20040521
801  2 @aCN@bNLC@c20040521
905    @f1@b161559@dP311@e5
    
    世界海陆演化/胡焕庸,陈业裕编著.-北京:商务印书馆,1981
    146页;21cm
    
    
    ISBN :CNY0.63
    
●
相关链接 在E读中查询图书 在五车中查询图书 在当当中查询图书 在豆瓣中查询图书


正题名:世界海陆演化     索取号:P311/5         预约/预借

序号 登录号 条形码 馆藏地/架位号 状态 备注
1 0057703   202105907   第二样本阅览室/ [索取号:P311/5] 在馆    
2 0057704   000626120   第三借阅区/ [索取号:P311/5] 在馆    
3 0057705   000626139   第二样本阅览室/ [索取号:P311/5] 在馆    
4 0130475   000626166   第三借阅区/ [索取号:P311/5] 在馆    
5 0130476   000626157   第三借阅区/ [索取号:P311/5] 在馆    
6 0161559   001942893   第三借阅区/ [索取号:P311/5] 在馆    
7 0161560   000626148   第三借阅区/ [索取号:P311/5] 在馆    
唐山师范学院图书馆 欢迎您!
大连网信软件有限公司© 版权所有